MDQL
is popping MORE tags! Check the
thread
!
Quizzes
Events
Quiz Creation
Community
Videos
Private Events
Remove Ads
Sign In
Join for FREE
Feedback
Dark Mode
Quiz Categories
Sports
Geography
Music
Movies
Television
Just For Fun
Miscellaneous
History
Literature
Language
Science
Gaming
Entertainment
Religion
Holiday
For Kids
Quiz Lab
Recent
Popular Today
Quiz Kudos Today
Editor Picks
Curator Picks
Quizzes by...
Day
Popularity
Type
Ratings
Length
Year
Community
Subscriptions
Recent Discussions
Orange Saloon
Badges
Playlists
Quests
Create
Leaderboards
Showdown
Live 5
Trivia Bingo
Activity
Puzzle Library
Sporcle Events
Private Events
Virtual Trivia
Globe League
Become a Host
Pub Owners
SporcleCon
Opinionation
Our Games
Videos
Blog
Mobile Apps
Partnerships
Remove Ads and Go Orange
Feedback
Movies
Disney
Marvel Cinematic Universe
Movie Resume
Movie Titles
Oscar
Actor
Actress
Director
Pixar
Role
Movie Quotes
Movie Characters
Box Office
Nominee
Best Picture
Star Wars
James Bond
Horror Movies
Movies
Disney
Marvel Cinematic Universe
Movie Resume
Movie Titles
Oscar
Actor
Actress
Director
Pixar
Role
Movie Quotes
Movie Characters
Box Office
Nominee
Best Picture
Star Wars
James Bond
Horror Movies
Random Quiz
Search Sporcle
×
Quiz Lab
Quiz Lab
Movies
Disney
Type in answers that appear in a list
Type in answers that appear in a list
Classic
Best Score? Go Orange.
Top 100 Disney Songs of All Time Stats
Can you name the Top 100 Disney Songs of All Time?
By
ColeyDee44
20m
100 Questions
557 Plays
557 Plays
557 Plays
Comments
Comments
Give Quiz Kudos
Give Quiz Kudos
-
- Ratings
hide this ad
Replay
Link that replays current quiz
Next Quiz
Link to next quiz in quiz playlist
You Got
0%
They Got
Avg Score
53%
Avg Friend Score
Upgrade to see
Score Distribution
Jump to the score distribution portion of the page
Score
0/100
Timer
20:00
0
Plays Today
Movie
Song
% Correct
Aladdin
A Whole New World
93.5%
The Little Mermaid
Under the Sea
89.8%
Beauty and the Beast
Beauty and the Beast
88.9%
The Lion King
Circle of Life
88.2%
The Little Mermaid
Part of Your World
86.5%
Pocahontas
Colors of the Wind
85.1%
Beauty and the Beast
Be Our Guest
83.8%
Pinocchio
When You Wish Upon A Star
83.3%
Mulan
Reflection
81%
Sleeping Beauty
Once Upon A Dream
80.3%
The Lion King
Can You Feel the Love Tonight?
79.9%
The Little Mermaid
Kiss the Girl
79.9%
Beauty and the Beast
Belle
77.9%
The Lion King
Hakuna Matata
76.7%
The Lion King
I Just Can't Wait to Be King
75%
Tarzan
You'll Be In My Heart
74.5%
Mulan
I'll Make A Man Out of You
74.1%
Aladdin
Prince Ali
72.4%
Beauty and the Beast
Gaston
72.4%
Aladdin
Friend Like Me
72.2%
Toy Story
You've Got A Friend in Me
71.3%
Snow White and the Seven Dwarfs
Heigh Ho
70.9%
Snow White and the Seven Dwarfs
Someday My Prince Will Come
70.9%
Cinderella
A Dream is a Wish Your Heart Makes
70.7%
The Lion King
Be Prepared
70.6%
101 Dalmatians
Cruella De Vil
70.6%
Mary Poppins
A Spoonful of Sugar
70.2%
The Jungle Book
The Bare Necessities
69.1%
Pocahontas
Just Around the Riverbend
68.8%
Hercules
Go the Distance
67.5%
Hercules
Zero to Hero
66.4%
Beauty and the Beast
Something There
66.1%
The Little Mermaid
Poor Unfortunate Souls
65.7%
Aladdin
One Jump Ahead
64.3%
Movie
Song
% Correct
Hercules
I Won't Say
62.7%
Dumbo
Baby Mine
62.5%
The Jungle Book
I Wanna Be Like You
61.2%
The Hunchback of Notre Dame
The Bells of Notre Dame
59.8%
The Hunchback of Notre Dame
God Help the Outcasts
59.4%
Oliver and Company
Why Should I Worry?
59.1%
The Hunchback of Notre Dame
Out There
58%
Tarzan
Strangers Like Me
57.1%
The Aristocats
Everybody Wants to Be a Cat
56.7%
Toy Story 2
When She Loved Me
56.6%
Lady and the Tramp
He's a Tramp
55.1%
Mary Poppins
Feed the Birds
55.1%
Snow White and the Seven Dwarfs
Whistle While You Work
54.9%
Pinocchio
I've Got No Strings
53.5%
Tarzan
Two Worlds
53.1%
Cinderella
So This Is Love
53.1%
Mulan
Honor To Us All
53%
Tarzan
Son of a Man
52.8%
Lady and the Tramp
Bella Notte
52.1%
Aladdin
Arabian Nights
51.7%
The Nightmare Before Christmas
What's This?
51.7%
Lilo and Stitch
Hawaiian Roller Coaster Ride
50.8%
Peter Pan
You Can Fly! You Can Fly! You Can Fly!
50.1%
Mary Poppins
Chim Chim Cheree
49%
Robin Hood
Love
48.8%
Snow White and the Seven Dwarfs
I'm Wishing
48.7%
Peter Pan
The Second Star to the Right
48.3%
Mary Poppins
Let's Go Fly A Kite
47.2%
The Many Adventures of Winnie the Pooh
Winnie the Pooh
46.1%
The Fox and the Hound
Best of Friends
44.2%
Song of the South
Zip-a-Dee-Doo-Dah
44%
Mary Poppins
Supercalifragilisticexpialidocious
44%
Pete's Dragon
Candle on the Water
43.3%
Alice in Wonderland
The Unbirthday Song
43.1%
Movie
Song
% Correct
Pocahontas
If I Never Knew You
42%
Sleeping Beauty
I Wonder
40.6%
Brother Bear
On My Way
40.4%
Alice in Wonderland
In A World Of My Own
40%
The Lion King II: Simba's Pride
He Lives In You
40%
The Parent Trap
Let's Get Together
39.3%
Alice in Wonderland
Painting the Roses Red
38.2%
Hercules
A Star is Born
37.7%
Pinocchio
Give A Little Whistle
37.2%
Cinderella
Cinderella
36.4%
Cinderella
Sing Sweet Nightingale
35.2%
Dumbo
Pink Elephants On Parade
34.6%
The Many Adventures of Winnie the Pooh
The Wonderful Thing About Tiggers
33.2%
Oliver and Company
Once Upon a Time in New York City
30.7%
Mulan
True to Your Heart
30.3%
The Three Caballeros
The Three Caballeros
30%
Treasure Planet
I'm Still Here
28%
Lilo and Stitch
He Mele No Lilo
27.6%
Bedknobs and Broomsticks
The Age of Not Believing
24.6%
Alice in Wonderland
All in the Golden Afternoon
24.2%
Toy Story
Strange Things
24.2%
Bedknobs and Broomsticks
Portobello Road
23.9%
The Many Adventures of Winnie the Pooh
Little Black Rain Cloud
23.3%
The Many Adventures of Winnie the Pooh
Rumbly In My Tumbly
22.6%
Brother Bear
Great Spirits
22.3%
The Return of Jafar
Forget About Love
21.9%
Brother Bear
Look Through My Eyes
19.7%
Home on the Range
Little Patch of Heaven
19.7%
Toy Story
I Will Go Sailing No More
19.6%
Davy Crockett, King of the Wild Frontier
The Ballad of Davy Crockett
19.4%
Pinocchio
Hi-Diddle-Dee-Dee
18.5%
Bedknobs and Broomsticks
Substitutiary Locomotion
14.7%
Quiz Playlist
Details
Report
Send in Message
Add To Playlist
Classic:
Type in answers that appear in a list
Quiz Source
Last Updated: Feb 16, 2017
Quiz Scoreboard
CHALLENGE
Sign Up to Join the Scoreboard
Show All
Scores
Hide
Comments
May contain spoilers
Recently Published
Holiday 10x10 Sorting Gallery
by lukepisani3
Holiday
15m
Two Season TV Shows II
by 123Four
Television
10m
Image Sorting: Flags VI
by Barbecue
Geography
2m
More to Explore
Quiz From the Vault
Featured Blog Post
14 Easter Pick-up Lines to Find Eggs With
hide this ad
You Might Also Like...
Tags
Disney Quiz
Song Quiz
100
All Time
Disney Songs
Top 100
Today's Top Quizzes in Movies
Browse Movies
hide this ad
Today's Top Quizzes in Disney
Browse Disney
Top Contributed Quizzes in Movies
1
The ultimate James Bond movie quiz
2
Find The 'Big' Movie
3
Find The 'Wild' Movie
4
Find The 'Blue' Movie
5
Movies By Plot
6
Hidden Star Wars Character II
7
Hidden Star Wars Character III
8
😉 2024 Oscar Nominees by Emoji
9
Hidden Star Wars Character IV
10
25 Best Actor Nominees (1990s)
Explore More
Trending Topics
Harry Potter
NBA
Marvel
Crossword
Disney
Anime
Kpop
Soccer
WWE
Song
NFL
The Office
Pokémon
Country
Puzzle
hide this ad
More By:
ColeyDee44
Quiz
Plays
Rating
Category
Featured
Created
Disney Collage
799
2.50
Movies
Nov 15, 2014
Top 100 Disney Songs of All Time
557
3.00
Movies
Jan 10, 2013
Match the Disney Character and Movie
303
5.00
Movies
Mar 16, 2013
The Duggar Family
271
Entertainment
May 19, 2015
Disney Characters, Movies, and Companions
198
3.50
Movies
Mar 1, 2013
Go to Creator's Profile
Score Distribution
Quiz Creator Spotlight
ColeyDee44
Follow
Send a Message
Quizzes Created
-
Created Quiz Play Count
-
More By This Creator
Popular Quizzes Today
1
Find the US States - No Outlines Minefield
2
Colored Red Africa Blitz
3
Find the 'City' Movie
4
The Countries of the World
5
Find the US States
6
5x2 Blitz: Bands
7
Find the Countries of Europe - No Outlines Minefield
8
US States
More Movies Quizzes
101 Clickable Actor Surnames
Published
Trending Quizzes
Colored Red Europe Blitz I
Colored Red Europe Blitz II
Colored Red Africa Blitz II
Colored Red Europe Blitz III
Colored Red Africa Blitz III
Recently Updated
Odd Team Out - Big 4 Players
pecheneg
Quick Pick: 20 Twenties
pecheneg
March Madness Men's Triple Doubles
pecheneg
How Do You Spell That?
pecheneg
Godzilla Movies
pecheneg
Grab Bag: 4-10 Letters
pecheneg
2024 March Madness Bracket
pecheneg
Famous TV Couples
Peacemaker
Champions League XIs: Real Madrid
pecheneg
Largest US Cities 1790-2010
pecheneg
Trending Topics
NBA
Anime
Crossword
Marvel
Kpop
Harry Potter
Disney
Soccer
Puzzle
NFL
WWE
Song
The Office
Pokémon
Country
Your Account Isn't Verified!
In order to create a playlist on Sporcle, you need to verify the email address you used during registration. Go to your
Sporcle Settings
to finish the process.
Report this User
Report this user for behavior that violates our
Community Guidelines
.
Details:
Send Report
Go to the Sporcle.com Mobile Site →
Comments